|
|
|
|
| LEADER |
00000cas a22000001a 4500 |
| 001 |
vtls010298122 |
| 003 |
SK-MaSNL |
| 005 |
20260228162518.0 |
| 008 |
200401d19211925xo mr|p r 0 b0slo |
| 022 |
|
|
|a 1337-5105
|
| 040 |
|
|
|a SNK
|b slo
|c SNK
|e AACR2
|
| 041 |
0 |
|
|a slo
|
| 044 |
|
|
|a xo
|c SK
|
| 072 |
|
7 |
|a 82-97
|x Náboženská literatúra. Duchovná literatúra (o nej)
|2 konspekt
|
| 072 |
|
7 |
|a 271/279
|x Kresťanské cirkvi, sekty, denominácie
|2 konspekt
|
| 080 |
|
|
|a 271/279
|2 2001
|
| 080 |
|
|
|a 82-97
|2 2001
|
| 080 |
|
|
|a 050
|2 2001
|
| 080 |
|
|
|a 274.5
|2 2001
|
| 210 |
0 |
|
|a Klasy
|
| 222 |
|
0 |
|a Klasy
|
| 245 |
0 |
0 |
|a Klasy
|b časopis na šírenie a pestovanie kresťanského života
|
| 260 |
|
|
|a Bratislava
|b Jozef Roháček
|c 1921-1925
|
| 300 |
|
|
|a 5 zv.
|c 24 cm
|
| 310 |
|
|
|a 1x mesačne
|
| 362 |
0 |
|
|a Roč. I, č. 1 (7.5.1921)-roč. V, č. 9 (dec. 1925)
|
| 500 |
|
|
|a Red.: 1921-1925, Jozef Roháček
|
| 500 |
|
|
|a Vyd.: 1921-1925, Jozef Roháček
|
| 500 |
|
|
|a Tlač. Slovenská kníhtlačiareň, Bratislava; od 10/1922 Legiografia, Bratislava; od 10/1923 Slov. Melantrich, Bratislava; od 1/1924 Kníhtlačiarsky úč. spol., Martin; od 6/1924 Kníhtlačiarsky úč. spol., fil. v Bratislave; od 9/1925 Universum, Bratislava
|
| 610 |
2 |
7 |
|a Evanjelická cirkev a.v.
|2 SNKKA
|9 32425
|
| 650 |
0 |
7 |
|a náboženstvo
|2 SNKPH
|9 2023
|
| 650 |
0 |
7 |
|a cirkevný život
|2 SNKPH
|9 75120
|
| 655 |
|
7 |
|a náboženské časopisy
|2 SNKPH
|9 70790
|
| 700 |
1 |
|
|a Roháček, Jozef,
|d 1877-1962
|4 red
|4 pbl
|9 48182
|
| 910 |
|
|
|a snk
|
| 916 |
|
|
|a 1921-1925
|
| 958 |
|
|
|a ONDV
|
| 999 |
|
|
|c 7972
|d 9902
|
| 952 |
|
|
|0 0
|1 0
|4 0
|7 0
|a SNK
|b SNK
|d 2014-10-14
|f 1
|i snk795/29
|l 0
|o snkČSC 174/5/1925
|p 17A0736168
|r 2026-02-21 19:44:41
|t č. 1-9
|w 2026-02-21
|y PREZ
|
| 952 |
|
|
|0 0
|1 0
|4 0
|7 0
|a SNK
|b SNK
|d 2014-10-14
|f 1
|i snk791/29
|l 0
|o snkČSC 174/1/1921
|p 17A0736172
|r 2026-02-21 19:44:59
|t č. 1-8
|w 2026-02-21
|y PREZ
|
| 952 |
|
|
|0 0
|1 0
|4 0
|7 0
|a SNK
|b SNK
|d 2014-10-14
|f 1
|i snk792/29
|l 0
|o snkČSC 174/2/1922
|p 17A0736171
|r 2026-02-21 19:45:00
|t č. 1-12
|w 2026-02-21
|y PREZ
|
| 952 |
|
|
|0 0
|1 0
|4 0
|7 0
|a SNK
|b SNK
|d 2014-10-14
|f 1
|i snk793/29
|l 0
|o snkČSC 174/3/1923
|p 17A0736170
|r 2026-02-21 19:45:00
|t č. 1-12
|w 2026-02-21
|y PREZ
|
| 952 |
|
|
|0 0
|1 0
|4 0
|7 0
|a SNK
|b SNK
|d 2014-10-14
|f 1
|i snk794/29
|l 0
|o snkČSC 174/4/1924
|p 17A0736169
|r 2026-02-21 19:45:00
|t č. 1-12
|w 2026-02-21
|y PREZ
|